Técnicas del cálculo: problemas resueltos

Na minha lista:
Detalhes bibliográficos
Main Authors: Maturana A., Valentín (autor), Freyhoffer I., Hugo (Author)
Formato: Livro
Idioma:espanhol
Publicado em: Santiago Universidad Católica de Chile 1995
Colecção:Colección Textos Universitarios
Assuntos:
Tags: Adicionar Tag
Sem tags, seja o primeiro a adicionar uma tag!

MARC

LEADER 00000nam a2200000 a 4500
001 UCQ2874
003 CL-VaPUC
008 980731e19950000CL |||||||||||||||||spa|d
082 0 4 |a 515.3  |b MAT  |2 21 
100 |a Maturana A., Valentín  |e autor  |9 416938 
700 0 |a Freyhoffer I., Hugo  |e author  |9 416939 
245 1 0 |a Técnicas del cálculo: problemas resueltos 
300 |a 258 p 
942 |c BK 
945 |d 19980731 00:00:00  |a aarredon 
260 |a Santiago  |b Universidad Católica de Chile  |c 1995 
650 0 |a Matemática  |9 260235 
650 0 |a Cálculo  |9 260234 
650 7 |a PROBLEMAS  |2 CL-VaPUC  |9 269806 
650 0 |a Ejercicios   |9 269807 
650 0 |a Derivadas  |9 354237 
650 0 |a Integrales   |9 260233 
583 |a last modification  |c 19980731 00:00:00  |k Rodrigo Vera 
490 0 |a Colección Textos Universitarios 
999 |c 273629  |d 273627 
952 |0 0  |1 0  |4 0  |6 515_300000000000000_MAT_1995  |7 0  |8 A  |9 309403  |a BIBMAT  |b BIBMAT  |d 2019-11-20  |i 3448568  |o 515.3 MAT 1995  |p 3448568  |r 2025-01-07  |w 2019-11-20  |y BK  |k MAT